00984nam a2200277Ia 4500003000400000005001700004008004100021020001500062040001800077041000800095082001800103100002900121245005900150250000600209260006700215300003000282650004200312650003900354650002900393650003200422650003100454650003900485942002500524999001900549952013800568OSt20241113091000.0210716s2003 xx 000 0 und d a8173669988 cAIMIT LIBRARY aeng a005.74 bBAYI aBayross, Ivan N.9185108 aDatabase: bconcepts and systems /cBy Ivan N Bayross. a2 aMumbai :bShroff Publishers and Distributors Pvt Ltd ,c2003. axv,241,27 p.;bPBc24 cm. aEntity relationships modeling9185109 aStructured query langauage9185110 aSQL transactions9185111 aConcurrency control9185112 aQuery optimization9185113 aRelational database design9185114 2ddccBKk005.74 BAYI c187196d187196 001040708MCAaAIMITbAIMITeIntel Book Distributorsg275.00l0o005.74 BAYIpMCA06704r2025-07-21 00:00:00v233.75w2021-07-16yBK